Le Paradoxe ambulant : 59 essais (notice n° 1802617)

détails MARC
000 -LEADER
fixed length control field 01901cam a2200145 4500500
005 - DATE AND TIME OF LATEST TRANSACTION
control field 20260329001147.0
041 ## - LANGUAGE CODE
Language code of text/sound track or separate title fre
042 ## - AUTHENTICATION CODE
Authentication code dc
100 10 - MAIN ENTRY--PERSONAL NAME
Personal name Chesterton, Gilbert Keith
Relator term author
245 00 - TITLE STATEMENT
Title Le Paradoxe ambulant : 59 essais
260 ## - PUBLICATION, DISTRIBUTION, ETC.
Name of publisher, distributor, etc. Les Belles lettres,<br/>
Date of publication, distribution, etc. 2024.<br/>
520 ## - SUMMARY, ETC.
Summary, etc. « Quand on lit Chesterton, on se sent submergé par une extraordinaire impression de bonheur. Sa prose est le contraire d’académique : elle est joyeuse. Ses mots rebondissent dans un jaillissement d’étincelles, tel un jouet mécanique soudain venu à la vie, cliquetant et tourbillonnant de bon sens, cette merveille étonnante entre toutes. Le langage était pour Chesterton un jeu de construction avec lequel fabriquer des théâtres de marionnettes et des armes pour rire […]. Que les événements et leurs causes changent en fonction de la façon dont on les raconte, représentation de leurs traits communs ou de noirs océans de différences ; que notre compréhension de l’univers puisse dépendre de l’arrangement de mots sur une page et de l’inflexion donnée à ces mots ; que les mots, à la fin, soient tout ce que nous avons pour nous défendre et que la valeur des mots, comme celle de nos individus mortels, se cache dans leur faillibilité même et dans leur élégante fragilité, tout cela, Chesterton le savait et n’a cessé d’en rendre compte. Que nous ayons ou non le courage d’être d’accord avec lui, voilà, manifestement, une autre question. » Gilbert Keith Chesterton naît à Londres le 29 mai 1874. Il est l’auteur de plus d’une centaine d’ouvrages dont les célèbres enquêtes du Père Brown. Il meurt le 14 juin 1936 dans sa maison de Beaconsfield, dans le Buckinghamshire.
700 10 - ADDED ENTRY--PERSONAL NAME
Personal name Reinharez, Isabelle
Relator term author
856 41 - ELECTRONIC LOCATION AND ACCESS
Uniform Resource Identifier <a href="https://shs.cairn.info/le-paradoxe-ambulant--9782251455990?lang=fr&redirect-ssocas=7080">https://shs.cairn.info/le-paradoxe-ambulant--9782251455990?lang=fr&redirect-ssocas=7080</a>

Pas d'exemplaire disponible.

PLUDOC

PLUDOC est la plateforme unique et centralisée de gestion des bibliothèques physiques et numériques de Guinée administré par le CEDUST. Elle est la plus grande base de données de ressources documentaires pour les Étudiants, Enseignants chercheurs et Chercheurs de Guinée.

Adresse

627 919 101/664 919 101

25 boulevard du commerce
Kaloum, Conakry, Guinée

Réseaux sociaux

Powered by Netsen Group @ 2025